000 00922nam a22002417a 4500
999 _c15631
_d15631
008 201013b ||||| |||| 00| 0 eng d
020 _a9717420610
082 _22001
_aDFil 305.8
_bAl1
100 _aAlan, Mercedes and 6 others
_942287
245 _aMindanao ethnic communities:
_bpatterns of growth and change/
_cMercedes Alan and 6 others
260 _aQuezon City:
_bUP- Center for Integrative and Development Studies,
_c©2001.
300 _a257 pages:
_bIllustrations;
_c23 cm.
650 _aEthnic groups -- Mindanao (Philippines)
_942288
650 _aIndigenous peoples -- Mindanao (Philippines)
_942289
650 _aMinorities -- Mindanao (Philippines)
_942290
700 _aCruz, Amihan
_942291
700 _aCua, Liezl
_942292
700 _aGuardados, Johanna Joyce
_942293
700 _aLobos, Dorothy
_942294
700 _aOmpang, Manuel
_942295
700 _aOnggo, Marcelino
_942296
942 _2ddc
_cDFIL